000 00338nam a22001457a 4500
008 230404b ||||| |||| 00| 0 eng d
020 _a9781408234303
041 _aeng
080 _2FIFTEENTH EDITION
_a573
082 _a573LAW
100 _a16
101 _aBIOLOGJI
245 _aDICTIONARY OF BIOLOGY
_cLAWRENCE.E
942 _2udc
_cBK
999 _c59500
_d59500